Master builders of Byzantium /

محفوظ في:

المؤلف الرئيسي: Ousterhout, Robert G.

التنسيق: كتاب

اللغة: English

منشور في: Philadelphia : University of Pennsylvania Museum of Archaeology and Anthropology, 2008.

الموضوعات:

الوسوم: إضافة وسم

لا توجد وسوم, كن أول من يضع وسما على هذه التسجيلة!

رقم الطلب: TH16 .O93

LEADER 01113nam a22002297a 4500
003 OSt
005 20251124130002.0
008 251124t1999 njua b 001 0 eng d
020 |a 9781934536032 
040 |c ARCE Library 
050 1 4 |a TH16  |b .O93  
100 1 |a Ousterhout, Robert G. 
245 1 0 |a Master builders of Byzantium /   |c Robert Ousterhout. 
264 1 |a Philadelphia :   |b University of Pennsylvania Museum of Archaeology and Anthropology,   |c 2008. 
300 |a vii, 320 pages :   |b illustrations, plans ;   |c 26 cm. 
504 |a Includes bibliographical references and index. 
505 0 |a Problem of Byzantine architecture Defining the Byzantine church The ysterious disappearing architect and his patron Drawing the line and knowing the ropes Buildings that change Building materials The construction of foundations and walls Structural design, structural expression, and the construction of arches and valuts Builders and artists: creating the decorated interior 
650 0 |a Architecture, Byzantine. 
650 0 |a Building -- Byzantine Empire. 
901 |a reviewed 
942 |2 lcc  |c BK 
999 |c 49292  |d 49292